000
003270000a22001450004500
005
20120302054454.0
942
_c
BOOK
245
_a
Kalyan Anka:Varsha 41-Anka 10
260
_a
Gorakhpur:Geeta,1967.
300
_a
1220-1276p.
040
_a
HIN
650
_a
Sankirna
650
_a
Maasik-Sankirna
650
_a
Kalyan-Maasik
999
_c
345723
_d
345720